Report of the Justice Mukherjee Commission of Inquiry on the alleged disappearance of Netaji Subhas Chandra Bose Volume II (Record no. 225613)

MARC details
000 -LEADER
fixed length control field 00535nam a22001817a 4500
005 - DATE AND TIME OF LATEST TRANSACTION
control field 20221212161244.0
008 - FIXED-LENGTH DATA ELEMENTS--GENERAL INFORMATION
fixed length control field 221212b ||||| |||| 00| 0 eng d
040 ## - CATALOGING SOURCE
Transcribing agency AL
041 ## - LANGUAGE CODE
Language code of text/sound track or separate title English
082 ## - DEWEY DECIMAL CLASSIFICATION NUMBER
Edition number 23
Classification number 324.2092
Item number MUKR
100 ## - MAIN ENTRY--PERSONAL NAME
Personal name Mukherjee
100 ## - MAIN ENTRY--PERSONAL NAME
9 (RLIN) 65597
245 ## - TITLE STATEMENT
Title Report of the Justice Mukherjee Commission of Inquiry on the alleged disappearance of Netaji Subhas Chandra Bose Volume II
260 ## - PUBLICATION, DISTRIBUTION, ETC.
Date of publication, distribution, etc. 2005
300 ## - PHYSICAL DESCRIPTION
Extent 195 p.
Other physical details PB
Dimensions 28x21 cm.
650 ## - SUBJECT ADDED ENTRY--TOPICAL TERM
Topical term or geographic name entry element Report
9 (RLIN) 65598
700 ## - ADDED ENTRY--PERSONAL NAME
Personal name MUKHERJEE
9 (RLIN) 65599
942 ## - ADDED ENTRY ELEMENTS (KOHA)
Source of classification or shelving scheme Dewey Decimal Classification
Koha item type George Fernandes Collections
Holdings
Withdrawn status Lost status Source of classification or shelving scheme Damaged status Not for loan Collection code Home library Current library Date acquired Total Checkouts Full call number Barcode Date last seen Price effective from Koha item type
    Dewey Decimal Classification     Political Science St Aloysius Library St Aloysius Library 03/23/2013   324.2092 MUKR GF00654 12/12/2022 12/12/2022 George Fernandes Collections